Les 10 villes les plus peuplées de l'Aveyron (12) - Statistiques

Statistiques générales
  • Ce quiz a été pris 77 fois
  • Le résultat moyen est 6 sur 10
Statistiques - réponses
Population Communes % Correct
24 100 Rodez
100%
21 900 Millau
91%
11 500 Villefranche-de-Rouergue
74%
7 900 Saint-Affrique
68%
5 000 Decazeville
62%
12 100 Onet-le-Château
58%
4 600 Espalion
39%
6 100 Luc-la-Primaube
36%
4 400 Capdenac-Gare
26%
4 000 Sévérac d'Aveyron
12%
Aucun quiz correspondant
Distribution des résultats
% des personnes avec chaque résultat
Percentile par nombre de réponses
Votre historique - résultats
Vous n’avez pas pris ce quiz